000 01949nac a2200289 a 4500
003 Co-PeBPM
005 20240925204048.0
007 ta
008 240925s2010 ck |||| |||| 00| 0 spa d
020 _a9789875382718
040 _aCo-PeBPM
_bspa
_cCo-PeBPM
_erda
041 _aspa
082 0 4 _a320.6 Ll792f
_222
100 1 0 _aLlobet, Valeria
_eautora
245 1 0 _a¿Fábricas de niños?
_b: Las instituciones en la era de los derechos de la infancia
_c/ Valeria Llobet
250 _aPrimera edición
260 _aBuenos Aires
_b: Centro de Publicaciones Educativas y Material Didáctico.
_c2010
300 _a304 páginas
_c22,5 centímetros
490 _aInterlíneas
500 _aIncluye índice
500 _aContiene datos biográficos de la autora en la solapa del texto
504 _aIncluye Bibliografía
520 _aEl libro de Valeria LLobet constituye un aporte sustantivo a la comprensión de las problemáticas de la niñez, atravesadas por las tensiones entre el horizonte planteado por la Convención Internacional de los derechos del niño y las instituciones y políticas dirigidas a la infancia en las décadas recientes. Historia de la niñez en la Argentina revela que a fines del siglo XX se configuró un escenario gravísimo de emergencia social en el que las responsabilidades del estado y de la sociedad civil se acentuaron frente a niños y adolescentes con escasas perspectivas de un futuro digno y promisorio. Sin embargo, los derechos de los niños como instrumento jurídico no pueden ser analizados exclusivamente desde el lugar que ocuparon en el terreno discursivo a lo largo de la década del 90, sino teniendo en cuenta los modos en que se cristalizaron y materializaron en los procesos internos de las instituciones de atención y en las tácticas y estrategias de las políticas públicas.
650 1 4 _aPolíticas Públicas
_2LEMB
650 1 4 _aDerechos de los niños
_2LEMB
942 _2ddc
_cBK
_n0
999 _c59990
_d59990